000 00757nam a2200217Ia 4500
003 GCL
008 140319s9999 xx 000 0 ara d
040 _aGCL /
_cGCL
082 0 4 _a257.1
_bم ا
100 1 _aمسعود احمد مصطفى
245 1 0 _aاقاليم الدولة الاسلامية بين اللامركزية السياسية واللامركزية الادارية /
_cمسعود احمد مصطفى
260 _a[S.N] :
_bالهيئة المصرية العامة للكتاب ،
_c1990
300 _a289 ص
490 _a
650 0 4 _aالاسلام
650 0 4 _aالنظام السياسى
650 0 4 _aالنظام الادارى
650 0 4 _aالنظم
650 0 4 _aالخلفاء الراشدون
942 _2ddc
_cBK
999 _c30205
_d30205